000 00451cam a22001337a 4500
008 180718b1966 xxu||||| |||| 00| 0 eng d
082 _aT34x73 N213
245 _aUsing marketing consultants and research agencies
_cby National Industrial Conference Board
260 _aNew York
_bNational Industrial Conference Board
_c1966
300 _a62p.
500 _aStudies in Business Policy No.120
650 _aMarketing Research
650 _aMarketing - USA
999 _c375880
_d375880